แสดงรายละเอียดบรรณานุกรม
  กลับหน้าหลัก

Brief Record : Get Marc (ISO 2709) : E-mail record : QR code ปิดหน้าต่าง
E-books : เกี่ยวกับ Collections
LEADER 00000nam 2200000uu 4500
001    209727
003     ULIBM
008    140502s2552||||th 000 0 tha d
020    ^a9786167183459
041 0  ^atha^beng
060  4 ^aWH170 ก726ก 2552
100 0  ^aกุลนภา ฟู่เจริญ
245 10 ^aการตรวจทางห้องปฏิบัติการเพื่อการวินิจฉัยธาลัสซีเมียและฮีโมโกบินผิดปกติที่พบบ่อยในประเทศไทย/^bกุลนภา ฟู่เจริญ.
250    ^aพิมพ์ครั้งที่ 1
260    ^aขอนแก่น : ^bคณะเทคนิคการแพทย์ มหาวิทยาลัยขอนแก่น,^c2552.
300    ^a209 หน้า ;^bภาพประกอบ.
500    ^aทุนสนับสนุนการผลิตตำรา มหาวิทยาลัยขอนแก่น ;^vลำดับที่ 19
650  4 ^aการวินิจฉัยโรคทางห้องปฏิบัติการ.
650  4 ^aธาลัสซีเมีย ^xการวินิจฉัยโรคทางห้องปฏิบัติการ.
650  4 ^aฮีโมโกลบินผิดปกติ ^xการวินิจฉัยโรคทางห้องปฏิบัติการ.
710 2  ^aมหาวิทยาลัยขอนแก่น คณะเทคนิคการแพทย์ ศูนย์วิจัยและพัฒนาการตรวจวินิจฉัยทางห้องปฏิบัติการทางการแพทย์
999    ^aใช้งานได้ทุกระบบ
รายการนี้ยังไม่มีแท็ก
คุณยังไม่ได้ล็อกอิน คุณสามารถมีกิจกรรมร่วมกับเว็บไซต์ได้ แต่ต้องล็อกอินก่อน ::
  ล็อกอิน
ลำดับที่ ประเภท เลขเรียก สถานที่ สถานะ
1. หนังสือสำรอง
หนังสือสำรอง
สถานะ=หนังสือเก่า - บริการ ณ ห้องสมุด (ห้องเหลือง)
WH170 ก726ก 2552  
  
ห้องสมุด หอพักนักศึกษา (ห้องเหลือง) On Shelf
  ขอยืม
Note:ปีงบประมาณ 2557
2.
WH170 ก726ก 2552 ฉ.2 
  
วิทยาศาสตร์สุขภาพ On Shelf
  ขอยืม
Note:ปีงบประมาณ 2557
3. วารสารเย็บเล่ม
วารสารเย็บเล่ม
สถานะ=หนังสือเก่า - บริการ ณ ห้องสมุด (ห้องเหลือง)
WH170 ก726ก 2552 ฉ.7 
  
ห้องสมุด หอพักนักศึกษา (ห้องเหลือง) On Shelf
  ขอยืม
Note:ปีงบประมาณ 2557
   [แสดง 3/3 รายการ]

รายการใกล้เคียง
    หัวเรื่อง [การวินิจฉัยโรคทางห้องปฏิบัติการ.]

BibComment


ยังไม่เคยถูกคอมเมนท์

คอมเมนท์ทรัพยากรรายการนี้
  คอมเมนท์: การตรวจทางห้องปฏ..
Bib 209727

 
 
 

 Union Library Management : ULibM
Copyright 2026. All Rights Reserved.
скачать бесплатно без регистрации порно красивый секс HD Sex Hindi sex

xxx gou

xxxx

bfxxx

xxxwww

Секса Видео

xxxx

Секса Видео

detube

geilexxx

C99 Shell

worms shell

blod xxx video
Ebony Coed Rihanna Rimes Takes A Dick In Her Young Twat priyaa indian fuck anal and pusssy hardcore indian women xxx desi hardcore fucking part 1 bengalixxxcouple